000 02554nam a22002657a 4500
003 Uzh_bibl
008 260108b |||||||| |||| 00| 0 ukr d
020 _a978-966-03-7673-1
_c208.77
040 _bукр.
041 _2eng
_aukr
080 _a821(430)
090 _a821(430)
_bВ 39
100 _aВерфель,Франц
245 _a40 днів Муса-Дага
_cпер. Є.Тарнавський ;худож.О.Гугалова
_hТекст
260 _aХарків
_bФоліо
_c2017
300 _a890 с.
_fВ опр.
490 _aСерія"Зарубіжні авторські зібрання"
520 _aВідомий австрійський поет, романіст і драматург Франц Верфель (1890-1945) народився в заможній єврейській родині у Празі (на той час Австо-Угорщина). Вчився в університетах Праги, Лейпцига, Гамбурга. У 1915-1917 рр. воював у лавах австрійської армії на російському фронті. У 1929 р., подорожуючи Сирією, Верфель відвідав у Дамаску килимову фабрику, де побачив сотні виснажених, обірваних дітей вірменських біженців. Це спонукало його написати роман "40 днів Муса-Дага", щоб розповісти європейському читачеві про геноцид вірменського народу в Османській імперії 1915-1916 рр. В основу твору покладено реальні історичні події. Не можна без хвилювання читати про випробування, які випали на долю вірменів, зокрема головного героя Габріеля Багратяна - людини з європейською освітою, колишнього офіцера турецької армії, одруженого з француженкою, який, так уже судилося, раптом опинився на своїй батьківщині у найжахливіші часи...
521 _aДля широкого кола читачів
546 _aукр.
650 _aЛітературно-художне видання
653 _aГеноцид
_aВірмени
_aОфіцер
655 _vроман
942 _2udc
_cBK
999 _c16504
_d16504